[Event "Rheinland-chT Seniors 1617"]
[Site "Germany"]
[Date "2017.01.26"]
[Round "6"]
[White "Zimmer, Franz"]
[Black "Boidman, Yuri"]
[Result "0-1"]
[WhiteElo "1551"]
[BlackElo "2319"]
[PlyCount "42"]
[EventDate "2016.10.06"]
[EventType "team-tourn"]
[EventRounds "7"]
[EventCountry "GER"]
[SourceTitle "EXT 2018"]
[Source "ChessBase"]
[SourceDate "2017.10.13"]
[SourceVersion "1"]
[SourceVersionDate "2017.10.13"]
[SourceQuality "1"]

1. d4 d5 2. c4 c6 3. Nf3 Nf6 4. Nc3 e6 5. e3 Nbd7 6. a4 Bd6 7. Bd3 0-0 8. 0-0 dxc4 9. Bxc4 e5 10. e4 Qe7 11. Re1 exd4 12. Nxd4 Ne5 13. Nf5 Bxf5 14. exf5 Qc7 15. Bb3 Rad8 16. Qc2 Nd3 17. Bg5 Bxh2+ 18. Kf1 Nxe1 19. Rxe1 Bf4 20. Bxf6 Rd2 21. Be5 Qb6 0-1

[Event "Rheinland Pfalz op 8th"]
[Site "Reil an der Mosel"]
[Date "2016.05.26"]
[Round "2"]
[White "Zimmer, Franz"]
[Black "Weber, Samuel"]
[Result "0-1"]
[WhiteElo "1639"]
[BlackElo "1998"]
[PlyCount "160"]
[EventDate "2016.05.26"]
[EventType "swiss"]
[EventRounds "7"]
[EventCountry "GER"]
[SourceTitle "EXT 2018"]
[Source "ChessBase"]
[SourceDate "2017.10.13"]
[SourceVersion "1"]
[SourceVersionDate "2017.10.13"]
[SourceQuality "1"]

1. d4 Nf6 2. Nf3 e6 3. e3 d5 4. Bd3 c5 5. c3 Nc6 6. 0-0 Be7 7. Nbd2 0-0 8. Ne5 Nxe5 9. dxe5 Nd7 10. f4 f5 11. exf6 Nxf6 12. e4 c4 13. Bc2 Bc5+ 14. Kh1 Bd7 15. e5 Ne8 16. Qh5 g6 17. Qh6 Qe7 18. Nf3 Qg7 19. Qh3 b5 20. Bd2 a5 21. a3 Qe7 22. Ng5 Nc7 23. Qg4 Be8 24. Qh4 Ra6 25. Rf3 Ra7 26. Rh3 h5 27. Qg3 Qg7 28. Qh4 Be7 29. Qf2 Rb7 30. Rg3 Qxe5 31. Re1 Qf6 32. Qe2 Rb6 33. Be3 Rc6 34. Bd4 Qxf4 35. Nh3 Qh6 36. Be3 Qh7 37. Nf4 e5 38. Nxh5 e4 39. Nf4 Rcf6 40. Rh3 Qf7 41. Bd4 Bd6 42. Qg4 Bd7 43. Bxf6 Qxf6 44. Qxd7 Rf7 45. Qc8+ Rf8 46. Qg4 Bxf4 47. Rf1 Qg5 48. Qxg5 Bxg5 49. Rxf8+ Kxf8 50. Rh8+ Kg7 51. Rb8 Bf4 52. g3 Be5 53. Kg2 Kf7 54. Bd1 d4 55. cxd4 Bxd4 56. Rb7 Be5 57. Bc2 e3 58. Kf3 Ke6 59. Be4 Kd7 60. Kxe3 Bxb2 61. Bxg6 Bxa3 62. h4 a4 63. h5 Bc1+ 64. Kd4 Bb2+ 65. Kc5 a3 66. Ra7 Bc1 67. Kb4 Kd6 68. Be4 Be3 69. Rxc7 Kxc7 70. Kxa3 Kb6 71. Kb4 Bd2+ 72. Ka3 b4+ 73. Kb2 Kc5 74. Kc2 Be3 75. g4 b3+ 76. Kb1 c3 77. Bd3 Kd4 78. Bf5 Bf4 79. Bg6 Ke3 80. Bh7 Kd2 0-1